000 00582nam a2200241 a 4500
001 nice12345678
003 IN_TiNIC
005 20260116012352.0
008 050524s1979 sina grp 000 0 eng
020 _a
_c100
082 0 0 _a275.1
_bTHO
100 _aThomas, T K
245 _aChristianity in Asia
_b North East Asia
260 _aSingapur
_bChristian Conference India
_c1979
300 _a122p
500 _aincludes index and biblioraphy
505 2 _aIndex
650 _aChurch-Asia
700 1 _aThomas, T K
902 _bSRS
942 _cBK
999 _c6731
_d6731